| 000 | 00428nam a22001697a 4500 | ||
|---|---|---|---|
| 003 | OSt | ||
| 008 | 220409b ||||| |||| 00| 0 eng d | ||
| 020 | _a9789389347272 | ||
| 082 | _a658.8025 JOE | ||
| 100 | _aJOSEPH, P.T, J. P | ||
| 245 | _aE - Commerce: An Indian Perspective Commerce . B.Com | ||
| 250 | _a6th | ||
| 260 |
_aDelhi _b PHI _c2021 |
||
| 300 | _a553 | ||
| 650 | _aCommerce (B.COM) Computer | ||
| 942 |
_2ddc _cBK |
||
| 999 |
_c11127 _d11127 |
||